New Public Management - moderné riadenie verejnej správy

New Public Management (NPM) - nové riadenie verejnej správy (od švajčiarskej poradenskej firmy Mundi) - je jeden z pokusov o reformu verejnej správy v prospech väčšej efektívnosti riadenia, využívania nových nástrojov a reštrukturalizácie služieb poskytovaných obcou alebo mestom. Základné prístupy N...

Descrizione completa

Salvato in:
Dettagli Bibliografici
Autore principale: Drábik, Peter, 1981-
Natura: Capitolo di libro
Lingua:slovacco
Soggetti:
Tags: Aggiungi Tag
Nessun Tag, puoi essere il primo ad aggiungerne!!

MARC

LEADER 00000naa$a2200000$$$4500
001 0090414
005 20240502072017.9
041 0 |a slo 
044 |a SK 
245 1 0 |a New Public Management - moderné riadenie verejnej správy  |c Peter Drábik 
520 |a New Public Management (NPM) - nové riadenie verejnej správy (od švajčiarskej poradenskej firmy Mundi) - je jeden z pokusov o reformu verejnej správy v prospech väčšej efektívnosti riadenia, využívania nových nástrojov a reštrukturalizácie služieb poskytovaných obcou alebo mestom. Základné prístupy NPM k chápaniu postavenia miestnej samosprávy a jej činnosti. Vybrané nástroje NPM v riadení miest a obcí. 
610 2 0 |a správa verejná 
610 2 0 |a obce 
610 2 0 |a mestá 
610 2 0 |a riadenie 
610 2 0 |a efektívnosť 
610 2 0 |a nástroje riadenia 
610 2 0 |a služby 
610 2 0 |a tovar 
610 2 0 |a produkty 
610 2 0 |a kontroling 
610 2 0 |a reporting 
100 1 |a Drábik, Peter, 1981-